| 000 | 00729nam a22002297a 4500 | ||
|---|---|---|---|
| 003 | EG-ScBUE | ||
| 005 | 20221020114249.0 | ||
| 008 | 100415s2009 it ae f b 000 0 eeng d | ||
| 020 | _a9788864130125 | ||
| 040 |
_aEG-ScBUE _beng _erda _cEG-ScBUE _dEG-ScBUE |
||
| 082 | 0 | 4 |
_222 _a720.9 _bCAS |
| 100 | 1 |
_aCasamonti, Marco, _eauthor. _913578 |
|
| 245 | 1 | 0 |
_aRafael Moneo / _cMarco Casamonti. |
| 250 | _aFirst English edition. | ||
| 264 | 1 |
_aMilan : _bMotta, _c2009. |
|
| 300 |
_a119 pages : _billustrations (chiefly color), plans (some color) ; _c27 cm |
||
| 504 | _aIncludes bibliographical references. | ||
| 600 | 1 | 7 |
_926478 _aMoneo, Jose Rafael. _2BUEsh |
| 653 |
_cJuly2011 _bENGARC |
||
| 655 | _vReading book | ||
| 942 |
_2ddc _cBB |
||
| 999 |
_c13899 _d13899 |
||